00000000nam##2200000za#4500
0019.613808
003CaOODSP
00520200401020456
007ta
008150406|1996||||xxc|||||     f|0| 0 eng|d
020 |a0-662-25774-X
040 |aCaOODSP|beng
043 |an-cn---
0861 |aF21-4/96-7E
1101 |aCanada. |bDepartment of Finance.
24514|aThe economic effects of dividend taxation / |cby Kenneth J. McKenzie et Aileen J. Thompson.
260 |aOttawa - Ontario : |bFinance Canada |c1996.
300 |a30p. : |breferences, tables ; |c28 cm.
4901 |aWorking paper|v96-7
500 |a"In this paper we investigate the theoretical rationale for and implications of dividend taxation in a Canadian context. We focus in particular on the implications of dividend taxation for real investment. Three views of dividend taxation are described, each of which has different implications for investment and firm financial policy."--Abstract.
5203 |aIn this paper we investigate the theoretical rationale for and implications of dividend taxation in a Canadian context. We focus in particular on the implications of dividend taxation for real investment. Three views of dividend taxation are described, each of which has different implications for investment and firm financial policy.--Abstract
563 |aSoftcover
590 |a97-18|b1997-05-02
69007|aTaxes|2gcpds
7201 |aMcKenzie, Kenneth J.
7201 |aThompson, Aileen J.
77508|tLes effets économiques de l'imposition des dividendes / |w(CaOODSP)9.624355
7760#|tThe economic effects of dividend taxation / |w(CaOODSP)9.572340
830#0|aWorking paper ;|v96-7|w(CaOODSP)9.514611